000 00472nam a2200157Ia 4500
005 20250304030902.0
008 240331s9999 xx 000 0 und d
082 _bSEN
_a954
100 _aSenaveratna, J
245 4 _aThe story of the sinhalese from the most ancient times up to the end of the Mahavamsa or great dynasty
260 _aColombo
_bW.M.A. Wahid & Bros
_c1930
300 _aX, 298 p .,
650 _aKings of Lanka
650 _aHistory of Ceylon
942 _cL
999 _c3532
_d3532